| Tag |
First Indicator |
Second Indicator |
Subfields |
| LEADER |
00000cam a2200000 i 4500 |
| 001 |
in00000943607 |
| 005 |
20150925133315.0 |
| 007 |
he bmu|||bubu |
| 008 |
801015r19801976miu b 00010 eng d |
| 035 |
|
|
|a (OCoLC)06825560
|
| 035 |
|
|
|9 AES4709AM
|
| 037 |
|
|
|a CL00550
|b University Microfilms International
|
| 037 |
|
|
|b University Microfilms International, 300 N. Zeeb Rd., Ann Arbor, MI 48106
|
| 040 |
|
|
|a UMI
|c UMI
|d UtOrBLW
|
| 043 |
|
|
|a f-mu---
|
| 049 |
|
|
|a TXAI
|
| 090 |
|
|
|a HC547.M3
|b D6 1976
|
| 099 |
|
|
|a fiche
|a C
|a 5159
|
| 100 |
1 |
|
|a Downs, R. E.
|
| 245 |
1 |
0 |
|a Socio-economic report on the 10th region of Mauritania /
|c R. E. Downs, S. P. Reyna.
|
| 264 |
|
1 |
|a [Place of publication not identified] :
|b [publisher not identified],
|c 1976.
|
| 300 |
|
|
|a 101 pages
|
| 336 |
|
|
|a text
|b txt
|2 rdacontent
|
| 337 |
|
|
|a microform
|b h
|2 rdamedia
|
| 338 |
|
|
|a microfiche
|b he
|2 rdacarrier
|
| 500 |
|
|
|a Microfiche. Ann Arbor, Mich. : University Microfilms International, 1980. -- 2 sheets ; 11 x 15 cm. -- (Sahel : documents and dissertations ; MU 030).
|
| 500 |
|
|
|a Microform.
|
| 650 |
|
0 |
|a Economic development projects
|z Mauritania.
|
| 650 |
|
0 |
|a Tribes
|z Mauritania.
|
| 651 |
|
0 |
|a Mauritania
|x Politics and government.
|
| 700 |
1 |
|
|a Reyna, Stephen P.
|
| 830 |
|
0 |
|a Sahel, documents and dissertations ;
|v MU 030.
|
| 999 |
|
|
|a MARS
|
| 999 |
f |
f |
|s d46ca2c5-434b-3164-97c1-236e7303e539
|i e9316a56-fe0b-3a93-b1d4-7b3b184618cc
|t 0
|
| 952 |
f |
f |
|p normal
|a Texas A&M University
|b College Station
|c Sterling C. Evans Library
|d Evans: Microforms (3rd floor)
|t 0
|e fiche C 5159 MU 030
|h Other scheme
|i microform -- microfiche
|m A14821917780
|
| 998 |
f |
f |
|a fiche C 5159 MU 030
|t 0
|l Evans: Microforms (3rd floor)
|